Rodové aspekty v súčasnom vizuálnom umení na Slovensku ; Gilles Deleuze a myslenie o filmovom obraze

Saved in:
Bibliographic Details
Main Author Rusnáková, Katarína, 1959- (Author)
Corporate Author Akadémia umení (Banská Bystrica, Slovensko). Fakulta výtvarných umení (Originator)
Format Book
LanguageSlovak
Published Banská Bystrica : Akadémia umení, Fakulta výtvarných umení, 2009
SeriesVysokoškolské učebné texty
Subjects
ISBN978-80-89078-55-4
Physical Description83, 41 stran : ilustrace ; 21 cm

Cover

LEADER 00000cam a2200000 i 4500
001 115472
003 CZ-ZlUTB
005 20260429082904.0
007 ta
008 151222s2009 xo a f 000 0 slo
020 |a 978-80-89078-55-4  |q (kroužková vazba) 
040 |a ABE310  |b cze  |d ZLD002  |e rda 
043 |a e-xo--- 
045 |a y-y- 
072 7 |a 72/76  |x Výtvarné umění  |2 Konspekt  |9 21 
080 |a 141.72  |2 MRF 
080 |a 316.66-055.1/.3  |2 MRF 
080 |a 72/76:159.931  |2 MRF 
080 |a 7.01  |2 MRF 
080 |a 791.32.01  |2 MRF 
080 |a (437.6)  |2 MRF 
080 |a (048.8)  |2 MRF 
100 1 |a Rusnáková, Katarína,  |d 1959-  |7 jx20060126005  |4 aut 
245 1 0 |a Rodové aspekty v súčasnom vizuálnom umení na Slovensku ; Gilles Deleuze a myslenie o filmovom obraze /  |c Katarína Rusnáková 
246 3 0 |a Gilles Deleuze a myslenie o filmovom obraze 
264 1 |a Banská Bystrica :  |b Akadémia umení, Fakulta výtvarných umení,  |c 2009 
300 |a 83, 41 stran :  |b ilustrace ;  |c 21 cm 
336 |a text  |b txt  |2 rdacontent 
337 |a bez média  |b n  |2 rdamedia 
338 |a svazek  |b nc  |2 rdacarrier 
490 1 |a Vysokoškolské učebné texty 
500 |a Text zvratmo - 2 tituly 
504 |a Obsahuje bibliografii a bibliografické odkazy 
600 1 7 |a Deleuze, Gilles,  |d 1925-1995  |7 jn20000601302  |2 czenas 
650 0 7 |a feminismus  |7 ph120150  |2 czenas 
650 0 7 |a gender  |7 ph175751  |2 czenas 
650 0 7 |a vizuální umění  |7 ph220318  |z Slovensko  |y 21. století  |2 czenas 
650 0 7 |a filozofie umění  |7 ph120229  |2 czenas 
650 7 |a filmová teorie  |7 ph189273  |2 czenas 
650 0 9 |a feminism  |2 eczenas 
650 0 9 |a gender  |2 eczenas 
650 0 9 |a visual art  |z Slovakia  |y 21st century  |2 eczenas 
650 0 9 |a philosophy of art  |2 eczenas 
650 0 9 |a theory of film  |2 eczenas 
655 7 |a studie  |7 fd133597  |2 czenas 
655 9 |a studies  |2 eczenas 
710 2 |a Akadémia umení (Banská Bystrica, Slovensko).  |b Fakulta výtvarných umení  |7 xx0176604  |4 org 
830 0 |a Vysokoškolské učebné texty 
910 |a ZLD002 
942 |2 udc 
952 |0 0  |1 0  |4 0  |5 0  |6 7276RUSNÁKOVÁK  |7 0  |8 BOOK  |9 190718  |a UTBZL  |b UTBZL  |c 030  |d 2026-04-09  |l 0  |o 72/76/RUSNÁKOVÁ,K.  |p 420010201960  |r 2026-04-09 13:25:46  |v 170.00  |w 2026-04-09  |x N: dar  |y 05 
992 |a BK  |b SK 
999 |c 115472  |d 115472